000 00584nam a22001697a 4500
999 _c14969
_d14969
003 AR-CdUCM
008 190425b ||||| |||| 00| 0 spa d
040 _aMUNICIPALIDAD PROVINCIAL DEL CUSCO
_cBIBLIOTECA MUNICIPAL DEL CUSCO
082 _aC / 051.985 /
_bES82
245 _aEl estudiante /
260 _aCuzco :
_bH. G. Rozas sucs,
_c1941.
300 _a141 páginas ;
_c25 cm.
440 _aRevista bimestral
_n58
_933955
505 _aCongresos eucarĂ­sticos -- Santo Domingo de Guzman -- El socialismo -- El liberalismo -- Ponpeya y ecuador...
942 _2ddc
_cPP
945 _awfj